Střelec v ohrožení /
Uložené v:
| Ďalší autori: | |
|---|---|
| Médium: | |
| Jazyk: | Slovak Czech English |
| Vydané: |
USA :
Layout and Design Pictures Home Entertainment,
2008.
|
| Fyzický popis: |
1 DVD-video (94 min.). |
| Tagy: |
Pridať tag
Žiadne tagy, Buďte prvý kto otaguje tento záznam!
|
Titul je dostupný aj v ... 

MARC
| LEADER | 00000ngm a2200000 a 4500 | ||
|---|---|---|---|
| 001 | 000345921 | ||
| 003 | SVKKK | ||
| 005 | 20090306131945.0 | ||
| 008 | 090306s2008 xo v slo#d | ||
| 040 | |a SVKKK |b slo |c SVKKK |e AACR2 | ||
| 041 | 1 | |a cze |h eng | |
| 080 | |a 791.224 |2 2001 | ||
| 245 | 0 | 0 | |a Střelec v ohrožení / |h videozáznam |c Réžia: Josef Rusnak. |
| 260 | |a USA : |b Layout and Design Pictures Home Entertainment, |c 2008. | ||
| 300 | |a 1 DVD-video (94 min.). | ||
| 500 | |a Najlepší strelec sveta je teraz sám terčom | ||
| 500 | |a dolby digital | ||
| 700 | 1 | |a Rusnak, Josef |4 drt | |
| 710 | 2 | |a Layout and Design Pictures Home Entertainment |4 pbl | |
| 910 | |a svkkk | ||
| 998 | |a VM | ||
| 090 | |g SCKHL |k Sklad Pribinova 1. posch. |a DVD.671 |j 886 |i 2720055108 |s Prezenčne CD, DVD | ||
| 924 | |a AVM | ||